000
00456nam a2200181Ia 4500
008
090124s9999 xx 000 0 und d
082
_b
126126
100
_a
पाटील सुमा
245
_a
रागिणी
250
_a
1
260
_c
1994
300
_a
176
600
_a
पाटील सुमा
630
_a
रागिणी
700
_a
पाटील सुमा
730
_a
रागिणी
942
_c
BOOK
999
_c
172216
_d
172216